| 000 | 00926nam a2200277 i 4500 | ||
|---|---|---|---|
| 001 | bgj | ||
| 100 | 1 | _aWIDDOWSON, H[enry] G. | |
| 245 | 1 | 0 |
_aStylistics and the Teaching of Literature / _cH. G. Widdowson. |
| 250 | _a[11th impr.]. | ||
| 260 |
_aHarlow, Essex : _bLongman, _c1995. |
||
| 300 |
_aX, 128 pp ; _c22 cm. |
||
| 490 | 1 | _aApplied Linguistics and Language Study / Christopher N. Candlin, general editor | |
| 500 | _a1st published in 1975. | ||
| 504 | _aBibliography p. 125-126. | ||
| 505 | _aIncludes index. | ||
| 650 | 9 |
_aLanguage and languages _xStudy and teaching |
|
| 650 | 9 |
_aLiterature _xStylistics |
|
| 650 | 9 | _aLanguages and literature | |
| 830 | 0 | _aApplied Linguistics and Language Study (Christopher N. Candlin, general editor) | |
| 020 | _a0582550769 (pbk) | ||
| 040 | _cBPK | ||
| 041 | 0 | _aeng | |
| 920 | _a0-582-55076-9 (pbk) | ||
| 942 | _cKS | ||
| 008 | s uk f |000 0 eng | ||
| 999 |
_c48173 _d48173 |
||
| 856 |
_uhttp://koha.tu.koszalin.pl/cgi-bin/koha/opac-detail.pl?biblionumber=48173 _yKatalog online BPK |
||